000
00218nam a22000977a 4500
003
OSt
008
210203b ||||| |||| 00| 0 eng d
082
_a
621.1517
_b
KAN/SU
245
_a
Surveying and Levelling
942
_c
BK
999
_c
17291
_d
17291